000 00256nmm a2200085Ia 4500
008 220120s9999||||xx |||||||||||||||||und||
100 _aSoman, K.P and others
245 0 _aInsight in to wavelet from theory and practice
260 _aTata mcgraw hill company Ltd
999 _c139782
_d139782